| 000 | 00643nam a2200241 a 4500 | ||
|---|---|---|---|
| 001 | nice12345678 | ||
| 003 | IN_TiNIC | ||
| 005 | 20260116014234.0 | ||
| 008 | 050524s2004 lona grp 000 0 eng | ||
| 020 |
_a9839541 _c365 |
||
| 082 | 0 | 0 |
_a340.59 _bCHA |
| 100 | _aChaleby, Kutaiba S | ||
| 245 | _aForensic Psychiatry in Islamic Jurisprudence | ||
| 260 |
_aLondon _bInternational Ins of Islamic Law _c2004 |
||
| 300 | _a189p | ||
| 500 | _aincludes index and biblioraphy | ||
| 505 | 2 | _aNotes, Bibliography, Index | |
| 650 | _aIslamic-Law | ||
| 700 | 1 | _aChaleby, Kutaiba S | |
| 902 | _bSRS | ||
| 942 | _cBK | ||
| 999 |
_c14468 _d14468 |
||